[Event "TCh-CHN 2017"]
[Site "China CHN"]
[Date "2017.11.02"]
[Round "16.4"]
[Board "1"]
[White "Zhou, Weiqi"]
[Black "Liu, Guanchu"]
[Result "1/2-1/2"]
[WhiteTitle "GM"]
[BlackTitle "IM"]
[WhiteElo "2613"]
[BlackElo "2462"]
[WhiteTeam "Chongqing"]
[BlackTeam "Chengdu"]
[WhiteFideId "8601674"]
[BlackFideId "8603901"]
[EventDate "2017.04.18"]

1. Nf3 Nf6 2. g3 b5 3. e3 a6 4. a4 b4 5. Bg2 Bb7 6. O-O e6 7. d4 d5 8. a5 Nbd7
9. c3 bxc3 10. bxc3 Bd6 11. Nbd2 c5 12. Ba3 O-O 13. c4 Qe7 14. cxd5 cxd4 15.
Bxd6 Qxd6 16. dxe6 dxe3 17. exd7 exd2 18. Qxd2 Qxd2 19. Nxd2 Bxg2 20. Kxg2 Nxd7
21. Rfc1 Rfc8 22. Ne4 Ne5 23. Rxc8+ Rxc8 24. Rd1 f6 25. Rd5 Rc2 26. Rd6 Rc6 27.
Rxc6 Nxc6 28. Nc5 Nxa5 29. Nxa6 Nc4 30. Nc5 Kf7 1/2-1/2

[Event "TCh-CHN 2017"]
[Site "China CHN"]
[Date "2017.11.02"]
[Round "16.4"]
[Board "2"]
[White "Andreikin, Dmitry"]
[Black "Xu, Xiangyu"]
[Result "1-0"]
[WhiteTitle "GM"]
[BlackTitle "GM"]
[WhiteElo "2712"]
[BlackElo "2549"]
[WhiteTeam "Chongqing"]
[BlackTeam "Chengdu"]
[WhiteFideId "4158814"]
[BlackFideId "8608288"]
[EventDate "2017.04.18"]

1. Nf3 d5 2. g3 g6 3. Bg2 Bg7 4. d4 Nf6 5. O-O O-O 6. c3 Nc6 7. Na3 Re8 8. Bf4
Nh5 9. Be3 Nf6 10. Bf4 Nh5 11. e3 h6 12. c4 Be6 13. Rc1 Rc8 14. Ne5 Nb4 15. c5
Nxa2 16. Ra1 Nb4 17. Qa4 Bxe5 18. dxe5 Nd3 19. Qd4 Ndxf4 20. exf4 c6 21. f5 gxf5
22. Qh4 Ng7 23. Qxh6 b6 24. b4 a5 25. bxa5 bxa5 26. Nc2 f6 27. Nd4 Kf7 28. Qxg7+
Kxg7 29. Nxe6+ Kf7 30. Nxd8+ Rexd8 31. exf6 e5 32. Rxa5 e4 33. f3 e3 34. Ra3 d4
35. Rd3 f4 36. Rfd1 Rd5 37. Rxd4 1-0

[Event "TCh-CHN 2017"]
[Site "China CHN"]
[Date "2017.11.02"]
[Round "16.4"]
[Board "3"]
[White "Wang, Chen"]
[Black "Moiseenko, Alexander"]
[Result "1/2-1/2"]
[WhiteTitle "IM"]
[BlackTitle "GM"]
[WhiteElo "2495"]
[BlackElo "2667"]
[WhiteTeam "Chongqing"]
[BlackTeam "Chengdu"]
[WhiteFideId "8601020"]
[BlackFideId "14102560"]
[EventDate "2017.04.18"]

1. e4 c5 2. Nf3 Nc6 3. Bb5 g6 4. O-O Bg7 5. Bxc6 bxc6 6. Re1 Nh6 7. c3 O-O 8. h3
f5 9. e5 Nf7 10. d3 d6 11. e6 Ne5 12. Nxe5 dxe5 13. Na3 Qd5 14. Qe2 f4 15. f3
Bxe6 16. Nc4 Rf5 17. Nd2 Rd8 18. Ne4 Rf7 19. b3 Qxd3 20. Qxd3 Rxd3 21. Nxc5 Rd6
22. Ne4 Rd3 23. Nc5 Rd6 24. Ne4 Rd3 25. Nc5 1/2-1/2

[Event "TCh-CHN 2017"]
[Site "China CHN"]
[Date "2017.11.02"]
[Round "16.4"]
[Board "4"]
[White "Khademalsharieh, Sarasadat"]
[Black "Tan, Zhongyi"]
[Result "1/2-1/2"]
[WhiteTitle "IM"]
[BlackTitle "GM"]
[WhiteElo "2406"]
[BlackElo "2517"]
[WhiteTeam "Chengdu"]
[BlackTeam "Chongqing"]
[WhiteFideId "12512214"]
[BlackFideId "8603642"]
[EventDate "2017.04.18"]

1. d4 Nf6 2. c4 e6 3. Nf3 d5 4. Nc3 c6 5. Bg5 Nbd7 6. e3 Qa5 7. Nd2 dxc4 8. Bxf6
Nxf6 9. Nxc4 Qc7 10. Rc1 Be7 11. g3 Nd5 12. a3 Nxc3 13. Rxc3 O-O 14. Bg2 Rd8 15.
b4 Bd7 16. O-O Rac8 17. Qc2 Be8 18. Rc1 Bf6 19. f4 Qe7 20. Nd2 Ra8 21. Nb3 g6
22. Nc5 a6 23. Qb3 Bg7 24. a4 Rab8 25. Bf3 h5 26. Kg2 Rd6 27. Ne4 Rdd8 28. Nc5
Rd6 29. Ne4 Rdd8 30. Nc5 1/2-1/2

[Event "TCh-CHN 2017"]
[Site "China CHN"]
[Date "2017.11.02"]
[Round "16.4"]
[Board "5"]
[White "Ren, Xiaoyi"]
[Black "Lei, Tingjie"]
[Result "0-1"]
[BlackTitle "GM"]
[WhiteElo "2254"]
[BlackElo "2528"]
[WhiteTeam "Chengdu"]
[BlackTeam "Chongqing"]
[WhiteFideId "8608709"]
[BlackFideId "8605114"]
[EventDate "2017.04.18"]

1. d4 d5 2. Nf3 Nf6 3. g3 Bf5 4. Bg2 e6 5. O-O Nbd7 6. c4 c6 7. Qb3 Qb6 8. c5
Qa6 9. Nc3 h6 10. Re1 b6 11. cxb6 axb6 12. Nh4 Bh7 13. e4 dxe4 14. Nxe4 Nd5 15.
Nc3 Be7 16. Nxd5 cxd5 17. Bd2 Qa4 18. Bxd5 exd5 19. Qxd5 Nf6 20. Qb7 O-O 21.
Qxe7 Ne4 22. Be3 Qb5 23. Qe5 Qd7 24. Rec1 Rfe8 25. Rc7 Qd8 26. Qf4 Nf6 27. Rc6
Nd5 28. Qd6 Nxe3 29. Qxd8 Raxd8 30. fxe3 Rxe3 31. Rd1 Re2 32. Rxb6 Be4 33. g4 g6
34. Rb5 Bc2 35. Rf1 Rxd4 36. h3 Be4 37. Re5 Rxb2 38. Re8+ Kg7 39. Re7 Bd5 40.
Rd7 Rdd2 41. a4 Ra2 42. a5 Kg8 43. Rd8+ Kh7 44. Rd7 g5 45. Nf3 Rg2+ 46. Kh1 Rh2+ 0-1

[Event "TCh-CHN 2017"]
[Site "China CHN"]
[Date "2017.11.02"]
[Round "16.5"]
[Board "1"]
[White "Ivanchuk, Vassily"]
[Black "Lu, Shanglei"]
[Result "1/2-1/2"]
[WhiteTitle "GM"]
[BlackTitle "GM"]
[WhiteElo "2726"]
[BlackElo "2641"]
[WhiteTeam "Shenzhen"]
[BlackTeam "Zhejiang"]
[WhiteFideId "14100010"]
[BlackFideId "8603332"]
[EventDate "2017.04.18"]

1. d4 d5 2. c4 e6 3. Nf3 Nf6 4. Bg5 c6 5. e3 h6 6. Bxf6 Qxf6 7. Nbd2 g6 8. Bd3
Bg7 9. O-O O-O 10. cxd5 exd5 11. b4 Qe7 12. Rb1 Be6 13. Nb3 b6 14. Qd2 Nd7 15.
Rfc1 Rfc8 16. h3 Rab8 17. Ba6 Rc7 18. Bd3 Rcc8 19. Ba6 Rc7 20. Bd3 Rcc8 21. Ba6 1/2-1/2

[Event "TCh-CHN 2017"]
[Site "China CHN"]
[Date "2017.11.02"]
[Round "16.5"]
[Board "3"]
[White "Liu, Qingnan"]
[Black "Lan, Zilun"]
[Result "1-0"]
[WhiteTitle "GM"]
[WhiteElo "2522"]
[BlackElo "2361"]
[WhiteTeam "Shenzhen"]
[BlackTeam "Zhejiang"]
[WhiteFideId "8603294"]
[BlackFideId "8604193"]
[EventDate "2017.04.18"]

1. e4 c6 2. d4 d5 3. e5 Bf5 4. h4 h5 5. Bd3 Bxd3 6. Qxd3 e6 7. Bg5 Be7 8. Nf3
Nd7 9. Nc3 Nh6 10. Ne2 Nf5 11. O-O-O c5 12. c4 dxc4 13. Qxc4 cxd4 14. Kb1 Nb6
15. Qb5+ Qd7 16. Nfxd4 Nxd4 17. Nxd4 Qxb5 18. Nxb5 Nd5 19. Rc1 f6 20. exf6 gxf6
21. Be3 Kf7 22. Bxa7 Rhg8 23. g3 b6 24. Rc4 Bc5 25. Rxc5 bxc5 26. Bxc5 Rgb8 27.
Nd6+ Kg6 28. Rc1 Ra6 29. a3 Nb6 30. Nc4 Nxc4 31. Rxc4 e5 32. Ka2 Rd8 33. a4 Kf5
34. Be3 Ke6 35. Ka3 Kd5 36. Rc3 Rda8 37. b3 Rc6 38. Rxc6 Kxc6 39. b4 f5 40. b5+
Kb7 41. Kb4 Rd8 42. a5 Rd5 43. a6+ Kb8 44. b6 Ka8 45. Bc5 f4 46. gxf4 exf4 47.
Kb5 f3 48. Kc6 1-0

[Event "TCh-CHN 2017"]
[Site "China CHN"]
[Date "2017.11.02"]
[Round "16.5"]
[Board "4"]
[White "Ding, Yixin"]
[Black "Huang, Qian"]
[Result "1/2-1/2"]
[WhiteTitle "WGM"]
[BlackTitle "WGM"]
[WhiteElo "2424"]
[BlackElo "2438"]
[WhiteTeam "Zhejiang"]
[BlackTeam "Shenzhen"]
[WhiteFideId "8602972"]
[BlackFideId "8602689"]
[EventDate "2017.04.18"]

1. e4 c5 2. Nf3 d6 3. d4 cxd4 4. Nxd4 Nf6 5. Nc3 a6 6. Be3 e5 7. Nf3 Be7 8. Bc4
O-O 9. O-O Nc6 10. Bg5 Na5 11. Bb3 Be6 12. Bxf6 Bxf6 13. Nd5 Nxb3 14. axb3 Bg5
15. Qd3 Rc8 16. c4 Kh8 17. Rad1 Rc6 18. Qc3 Be7 19. Qb4 Bxd5 20. Rxd5 Rb6 21.
Qa3 Rc6 22. Qb4 Rb6 23. Qa3 Rc6 24. Qb4 Rb6 1/2-1/2

[Event "TCh-CHN 2017"]
[Site "China CHN"]
[Date "2017.11.02"]
[Round "16.5"]
[Board "5"]
[White "Zhu, Jiner"]
[Black "Kashlinskaya, Alina"]
[Result "1/2-1/2"]
[BlackTitle "IM"]
[WhiteElo "2324"]
[BlackElo "2452"]
[WhiteTeam "Zhejiang"]
[BlackTeam "Shenzhen"]
[WhiteFideId "8608059"]
[BlackFideId "4198026"]
[EventDate "2017.04.18"]

1. e4 e5 2. Nf3 Nf6 3. Nxe5 d6 4. Nf3 Nxe4 5. Nc3 Nxc3 6. dxc3 Be7 7. Be3 Nc6 8.
Qd2 Be6 9. O-O-O Qd7 10. h3 a6 11. b3 O-O-O 12. g4 h5 13. g5 Ne5 14. Bg2 Nxf3
15. Bxf3 f6 16. h4 fxg5 17. hxg5 h4 18. c4 h3 19. Qb4 c6 20. Qc3 Rdf8 21. Be4
Rh4 22. Qd3 Bf5 23. Bxf5 Qxf5 24. f4 Qxd3 25. Rxd3 Kd7 26. Kd2 Ke6 27. Ke2 h2
28. Bd2 Kf5 29. a4 Rfh8 30. Kf2 d5 31. cxd5 Bc5+ 32. Kg2 Rg4+ 33. Rg3 Rxg3+ 34.
Kxg3 Bg1 35. Bc3 Re8 36. Bxg7 Re3+ 37. Kg2 Kxf4 38. dxc6 bxc6 39. c3 Re2+ 40.
Kh3 Kf3 41. Bf6 c5 42. b4 cxb4 43. cxb4 Re4 44. b5 Bf2 45. g6 Re6 46. Rxh2 Rxf6
47. Rg2 Rf4 48. Rxf2+ Kxf2 49. bxa6 Rf8 50. Kg4 Ke3 51. Kg5 Ke4 52. g7 Ra8 53.
Kg6 Rxa6+ 54. Kh7 1/2-1/2

[Event "TCh-CHN 2017"]
[Site "China CHN"]
[Date "2017.11.02"]
[Round "16.6"]
[Board "1"]
[White "Xu, Zhihang"]
[Black "Dai, Changren"]
[Result "0-1"]
[WhiteTitle "FM"]
[WhiteElo "2373"]
[BlackElo "2437"]
[WhiteTeam "Qingdao"]
[BlackTeam "Tianjin"]
[WhiteFideId "8611572"]
[BlackFideId "8608156"]
[EventDate "2017.04.18"]

1. d4 Nf6 2. c4 e6 3. Nc3 Bb4 4. e3 O-O 5. Bd3 d5 6. Nf3 dxc4 7. Bxc4 c5 8. O-O
cxd4 9. exd4 b6 10. Bg5 Bb7 11. Qe2 Be7 12. Rfd1 Nbd7 13. Rac1 Re8 14. Ne5 Nd5
15. Bxd5 exd5 16. Be3 Bd6 17. Nd3 Nf8 18. Qf3 Ne6 19. Nb5 Bb8 20. g3 Qd7 21. Nc3
f6 22. h4 Bd6 23. Nf4 Nc7 24. Nh5 Rad8 25. Bf4 Bf8 26. Bxc7 Qxc7 27. Nb5 Qf7 28.
Rc7 Re7 29. Rdc1 Ba6 30. Rxe7 Qxe7 31. a4 Qe4 32. Qxe4 dxe4 33. Rc7 Bxb5 34.
axb5 Rxd4 35. Nf4 Rd1+ 36. Kg2 Rd2 37. Ne6 e3 38. Rc8 Kf7 39. Rxf8+ Ke7 40. Kf1
Rxf2+ 41. Ke1 Kxe6 42. Re8+ Kf5 43. Rxe3 Rxb2 44. Re7 Kg6 45. Rxa7 Rxb5 46. Kf2
h5 47. Kf3 Rb3+ 48. Kf4 Rb4+ 49. Kf3 Kh6 50. Rc7 Rb3+ 51. Kf2 b5 52. Rb7 b4 53.
Rc7 Rb1 54. Kg2 b3 55. Rb7 Kg6 56. Kh2 b2 57. Rb5 Kf7 58. Rb7+ Ke6 59. Kg2 Kf5
60. Rb8 Ke4 61. Re8+ Kf5 62. Rb8 g5 63. Rb5+ Kg6 64. hxg5 f5 65. Rb8 Kxg5 66.
Rg8+ Kh6 67. Rb8 h4 68. gxh4 f4 69. Rb6+ Kh5 70. Rb5+ Kxh4 71. Rb7 Kg5 72. Rb5+
Kf6 0-1

[Event "TCh-CHN 2017"]
[Site "China CHN"]
[Date "2017.11.02"]
[Round "16.6"]
[Board "2"]
[White "Fang, Yuxiang"]
[Black "Wang, Yue"]
[Result "0-1"]
[WhiteTitle "GM"]
[BlackTitle "GM"]
[WhiteElo "2497"]
[BlackElo "2690"]
[WhiteTeam "Qingdao"]
[BlackTeam "Tianjin"]
[WhiteFideId "8605840"]
[BlackFideId "8601429"]
[EventDate "2017.04.18"]

1. d4 Nf6 2. c4 e6 3. Nf3 d5 4. Nc3 Bb4 5. Bg5 dxc4 6. a3 Bxc3+ 7. bxc3 c5 8. e3
Qa5 9. Bxf6 gxf6 10. Bxc4 cxd4 11. Qxd4 e5 12. Qd2 Nc6 13. Bd5 Be6 14. c4 O-O-O
15. e4 Rhg8 16. Qxa5 Nxa5 17. O-O Rd7 18. Rac1 Rc7 19. c5 Bxd5 20. exd5 Nb3 21.
Rc3 Nxc5 22. Rfc1 b6 23. Nd2 f5 24. Nc4 Rd8 25. d6 Rc6 26. Rf3 f6 27. Rxf5 Kb8
28. Rd1 Ne4 29. Ne3 Nc3 30. Rd2 Rcxd6 31. Rxd6 Rxd6 32. Rh5 Rd7 33. Rf5 Nb5 34.
a4 Nc3 35. Rxf6 Nxa4 36. g4 b5 37. g5 b4 38. Ra6 b3 39. Nc4 b2 0-1

[Event "TCh-CHN 2017"]
[Site "China CHN"]
[Date "2017.11.02"]
[Round "16.6"]
[Board "3"]
[White "Ma, Zhonghan"]
[Black "Malakhov, Vladimir"]
[Result "1/2-1/2"]
[WhiteTitle "IM"]
[BlackTitle "GM"]
[WhiteElo "2471"]
[BlackElo "2686"]
[WhiteTeam "Qingdao"]
[BlackTeam "Tianjin"]
[WhiteFideId "8607206"]
[BlackFideId "4120787"]
[EventDate "2017.04.18"]

1. d4 g6 2. Nf3 Bg7 3. e4 d6 4. Be2 Nf6 5. Nc3 O-O 6. O-O a6 7. a4 Nc6 8. h3 e5
9. dxe5 dxe5 10. Qxd8 Rxd8 11. Bc4 h6 12. Be3 b6 13. Nd5 Ne8 14. b4 Bb7 15. Rfd1
a5 16. b5 Nb4 17. Nxc7 Nxc7 18. Bxb6 Rxd1+ 19. Rxd1 Ne6 20. c3 Nc2 21. Rd7 Bc8
22. Rd2 Rb8 23. Bxa5 Ra8 24. Bb6 Na3 25. Bb3 Nb1 26. Rc2 Bb7 27. Bd5 Bxd5 28.
exd5 Nf8 29. Bc7 Nd7 30. Rc1 Nxc3 31. Rxc3 e4 32. Rc4 exf3 33. b6 Ra5 34. b7
Rxd5 35. a5 Rd1+ 36. Kh2 Bd4 37. Bg3 Kh7 38. Rc8 h5 39. Rd8 Ba7 40. gxf3 g5 41.
b8=Q Bxb8 42. Bxb8 Rb1 43. Bc7 Nc5 44. Bb6 Ne6 45. Rb8 Ra1 46. Ra8 Rb1 47. Be3
Ra1 48. Ra7 Kg6 49. a6 Ra4 50. Bb6 Nf4 51. Bd8 Ne6 52. Bb6 Nf4 53. Bc7 Ne6 54.
Bd6 Nd4 55. Ra8 Nb5 56. Bc5 Nc7 57. Rg8+ Kh7 58. Rxg5 Nxa6 59. Be3 Nc7 60. Rxh5+
Kg6 61. Rg5+ Kh7 62. Rg4 Ra2 63. Rh4+ Kg6 64. Rh6+ Kg7 65. Rc6 Ne6 66. Kg3 Kg6
67. Rb6 Ra1 68. f4 Rg1+ 69. Kf3 Ra1 70. Rb5 f5 71. Rb8 Ra6 72. Kg3 Rc6 73. Kh4
Ra6 74. Rg8+ Kh7 75. Rc8 Kg6 76. Bd2 Rb6 77. Rg8+ Kh7 78. Ra8 Kg6 79. Bc3 Nxf4
80. Rg8+ Kh7 81. Rh8+ Kg6 82. Bd2 Ne6 83. Rh6+ Kf7 1/2-1/2

[Event "TCh-CHN 2017"]
[Site "China CHN"]
[Date "2017.11.03"]
[Round "17.1"]
[Board "1"]
[White "Xu, Zhihang"]
[Black "Yu, Yangyi"]
[Result "0-1"]
[WhiteTitle "FM"]
[BlackTitle "GM"]
[WhiteElo "2373"]
[BlackElo "2751"]
[WhiteTeam "Qingdao"]
[BlackTeam "Beijing"]
[WhiteFideId "8611572"]
[BlackFideId "8603820"]
[EventDate "2017.04.18"]

1. Nf3 b6 2. e4 Bb7 3. Nc3 e6 4. Bd3 Na6 5. e5 d5 6. exd6 Bxd6 7. Be4 c6 8. d4
Nf6 9. Bg5 Qc7 10. Qe2 O-O-O 11. O-O-O Bf4+ 12. Bxf4 Qxf4+ 13. Kb1 Nxe4 14. Qxe4
Qxe4 15. Nxe4 f6 16. Rhe1 Rd7 17. Kc1 Rhd8 18. Ng3 Nc7 19. c3 a5 20. Nd2 Ba6 21.
Nh5 a4 22. Nf4 Re7 23. h4 Kd7 24. b3 Nd5 25. Nxd5 cxd5 26. Re3 Ra8 27. f4 h5 28.
Rde1 Kd6 29. b4 a3 30. Kc2 Bc4 31. Nxc4+ dxc4 32. f5 e5 33. Rd1 Kc6 34. b5+ Kxb5
35. dxe5 fxe5 36. Rd5+ Kc6 37. Rdxe5 Rxe5 38. Rxe5 Rd8 39. g4 hxg4 40. Re4 b5
41. Rxg4 Rh8 42. Rg6+ Kd5 43. Rg5 Ke4 44. Rxg7 Rxh4 45. f6 Rh2+ 46. Kb1 Rh1+ 47.
Kc2 Rh2+ 48. Kb1 Rb2+ 49. Ka1 Rf2 50. Kb1 Rxf6 51. Ra7 Rf1+ 52. Kc2 Rf2+ 53. Kb1
Rb2+ 54. Ka1 Kd3 55. Rd7+ Kxc3 56. Rd3+ Kb4 57. Rxa3 Rb1+ 0-1

[Event "TCh-CHN 2017"]
[Site "China CHN"]
[Date "2017.11.03"]
[Round "17.1"]
[Board "2"]
[White "Fang, Yuxiang"]
[Black "Wang, Yiye"]
[Result "1/2-1/2"]
[WhiteTitle "GM"]
[BlackTitle "IM"]
[WhiteElo "2497"]
[BlackElo "2435"]
[WhiteTeam "Qingdao"]
[BlackTeam "Beijing"]
[WhiteFideId "8605840"]
[BlackFideId "8606021"]
[EventDate "2017.04.18"]

1. d4 Nf6 2. Bf4 c5 3. dxc5 Qa5+ 4. Qd2 Qxc5 5. Nc3 d5 6. e3 Bd7 7. O-O-O e6 8.
Nf3 Be7 9. Ne5 Nc6 10. Nxd7 Nxd7 11. Na4 Qa5 12. Qxa5 Nxa5 13. Nc3 Nf6 14. Bd3
Nc6 15. Nb5 O-O 16. c4 Nb4 17. cxd5 Nfxd5 18. Kb1 a6 19. Nd4 Nxf4 20. exf4 Nxd3
21. Rxd3 Rfd8 22. Rhd1 Kf8 23. Nb3 Ke8 24. Na5 Rxd3 25. Rxd3 b6 26. Nc4 Bc5 27.
Nd6+ Bxd6 28. Rxd6 Rb8 29. Kc2 Ke7 30. Rc6 Kd7 31. Rc3 Rc8 32. Rxc8 Kxc8 33. Kd3
Kd7 34. Kd4 Kd6 35. g4 f6 36. h4 h6 37. g5 h5 38. a4 Kc6 39. Kc4 Kd6 40. Kd4 Kc6
41. Kc4 Kd6 42. Kd4 1/2-1/2

[Event "TCh-CHN 2017"]
[Site "China CHN"]
[Date "2017.11.03"]
[Round "17.1"]
[Board "3"]
[White "Ma, Zhonghan"]
[Black "Fang, Yan"]
[Result "1/2-1/2"]
[WhiteTitle "IM"]
[WhiteElo "2471"]
[BlackElo "2426"]
[WhiteTeam "Qingdao"]
[BlackTeam "Beijing"]
[WhiteFideId "8607206"]
[BlackFideId "8604746"]
[EventDate "2017.04.18"]

1. d4 Nf6 2. Nf3 e6 3. g3 d5 4. Bg2 c5 5. O-O cxd4 6. Nxd4 Be7 7. c4 O-O 8. cxd5
Nxd5 9. e4 Nb6 10. Nc3 Bf6 11. Ndb5 Nc6 12. Bf4 e5 13. Be3 Nd4 14. f4 Nc4 15.
Bxd4 exd4 16. Nd5 Ne3 17. Nxe3 dxe3 18. e5 Be7 19. Qe2 Bc5 20. Rac1 Qb6 21. Kh1
Bd7 22. Nc3 Bc6 23. Bxc6 Qxc6+ 24. Qg2 Qe6 25. Qd5 Rac8 26. Qxe6 fxe6 27. Kg2
Bd4 28. Rfd1 Bxc3 29. Rxc3 Rxc3 30. bxc3 e2 31. Re1 Rc8 32. Rxe2 Rxc3 33. Rd2
Kf8 34. Rd8+ Ke7 35. Rg8 Kf7 36. Rb8 Rc2+ 37. Kf3 Rxa2 38. Rxb7+ Kf8 39. h3 h5
40. g4 Ra3+ 41. Ke4 Ra4+ 42. Kf3 Ra3+ 43. Ke4 Ra4+ 44. Kf3 Ra3+ 45. Ke4 1/2-1/2

[Event "TCh-CHN 2017"]
[Site "China CHN"]
[Date "2017.11.03"]
[Round "17.1"]
[Board "4"]
[White "Wang, Jue"]
[Black "Hong, Xing"]
[Result "1-0"]
[WhiteTitle "WGM"]
[WhiteElo "2359"]
[BlackElo "2017"]
[WhiteTeam "Beijing"]
[BlackTeam "Qingdao"]
[WhiteFideId "8604070"]
[BlackFideId "8606129"]
[EventDate "2017.04.18"]

1. e4 c5 2. Nf3 g6 3. c4 Bg7 4. d4 cxd4 5. Nxd4 d6 6. Be2 Nc6 7. Be3 Nf6 8. Nc3
O-O 9. O-O Bd7 10. Qd2 Ng4 11. Bxg4 Bxg4 12. f3 Bd7 13. Nde2 Ne5 14. b3 Bc6 15.
Rad1 a6 16. a4 Rb8 17. Nd5 Bxd5 18. exd5 h5 19. h3 Nd7 20. Nd4 Kh7 21. Rfe1 Re8
22. Qc2 Qc7 23. f4 e5 24. dxe6 fxe6 25. Nf3 Bf6 26. Bd4 e5 27. fxe5 Nxe5 28.
Bxe5 dxe5 29. Nd2 Bh4 30. Rf1 Re6 31. Ne4 Rd8 32. Rxd8 Bxd8 33. Rd1 Kg7 34. Rd5
Bf6 35. Qd3 Qc6 36. Rd7+ Kf8 37. Qd5 Be7 38. Rxb7 a5 39. Rb8+ Kg7 40. Rb5 Qxd5
41. cxd5 Ra6 42. Kf2 Bb4 43. Rb7+ Kf8 44. Ke3 Ra8 45. d6 Rd8 46. Rh7 Rxd6 47.
Nxd6 Bxd6 48. Ke4 Kg8 49. Rd7 Bb4 50. Kxe5 g5 51. Ke4 1-0

[Event "TCh-CHN 2017"]
[Site "China CHN"]
[Date "2017.11.03"]
[Round "17.1"]
[Board "5"]
[White "Zhao, Xue"]
[Black "Sun, Fanghui"]
[Result "1-0"]
[WhiteTitle "GM"]
[WhiteElo "2477"]
[BlackElo "2126"]
[WhiteTeam "Beijing"]
[BlackTeam "Qingdao"]
[WhiteFideId "8601283"]
[BlackFideId "8604150"]
[EventDate "2017.04.18"]

1. c4 e5 2. Nc3 Nf6 3. Nf3 Nc6 4. a3 d5 5. cxd5 Nxd5 6. Qc2 Be7 7. e3 a6 8. Nxd5
Qxd5 9. Bc4 Qd6 10. b4 Be6 11. Bb2 Bxc4 12. Qxc4 O-O 13. O-O Bf6 14. Rfd1 Rad8
15. Rac1 Rfe8 16. d3 Qe6 17. Nd2 Qxc4 18. Nxc4 Rd5 19. Kf1 Bd8 20. Bc3 f6 21.
Ke2 Nd4+ 22. Kf1 Nb5 23. Ba1 c6 24. a4 Na7 25. e4 Rd7 26. d4 b5 27. axb5 cxb5
28. Ne3 Bb6 29. dxe5 Rxd1+ 30. Nxd1 fxe5 31. Ke2 Re6 32. Ne3 Nc6 33. Nd5 Nd4+
34. Kd3 Nb3 35. Rc8+ Kf7 36. Bxe5 Rxe5 37. Nxb6 a5 38. bxa5 Nxa5 39. Rc7+ Kg6
40. Nd5 Nc4 41. Rc5 Kh6 42. Rxb5 1-0

[Event "TCh-CHN 2017"]
[Site "China CHN"]
[Date "2017.11.03"]
[Round "17.2"]
[Board "1"]
[White "Malakhov, Vladimir"]
[Black "Wang, Hao"]
[Result "1/2-1/2"]
[WhiteTitle "GM"]
[BlackTitle "GM"]
[WhiteElo "2686"]
[BlackElo "2709"]
[WhiteTeam "Tianjin"]
[BlackTeam "Shenzhen"]
[WhiteFideId "4120787"]
[BlackFideId "8602883"]
[EventDate "2017.04.18"]

1. Nf3 d5 2. e3 Nf6 3. c4 e6 4. d4 b6 5. b3 Bb7 6. Bd3 Bd6 7. O-O O-O 8. Bb2
Nbd7 9. Nc3 Re8 10. cxd5 exd5 11. Rc1 a6 12. Ne2 Ne4 13. Ng3 g6 14. Qc2 Qe7 15.
Ne5 Nxg3 16. hxg3 Nf6 17. Qe2 Ne4 18. Rc2 Qe6 19. Rfc1 f6 20. Bxe4 dxe4 21. Nc4
Be7 22. Nd2 Bd6 23. Nc4 Be7 24. Nd2 Bd6 1/2-1/2

[Event "TCh-CHN 2017"]
[Site "China CHN"]
[Date "2017.11.03"]
[Round "17.2"]
[Board "2"]
[White "Li, Yankai"]
[Black "Ivanchuk, Vassily"]
[Result "0-1"]
[BlackTitle "GM"]
[WhiteElo "2456"]
[BlackElo "2726"]
[WhiteTeam "Tianjin"]
[BlackTeam "Shenzhen"]
[WhiteFideId "8609357"]
[BlackFideId "14100010"]
[EventDate "2017.04.18"]

1. d4 d5 2. c4 dxc4 3. Nf3 a6 4. e3 e6 5. Bxc4 Nf6 6. O-O c5 7. dxc5 Bxc5 8.
Qxd8+ Kxd8 9. Rd1+ Ke7 10. b3 b6 11. Bb2 Nbd7 12. Nbd2 Bb7 13. Be2 Rhc8 14. Nc4
b5 15. Nce5 Nxe5 16. Nxe5 Bd5 17. Rac1 Ke8 18. Ng4 Nxg4 19. Bxg4 Bf8 20. Rxc8+
Rxc8 21. Rxd5 Rc2 22. Rd3 Rxb2 23. a4 Rb1+ 24. Bd1 Bb4 25. axb5 axb5 26. Kf1 Bc3
27. f4 b4 28. Kf2 Ke7 29. Kf3 h5 30. g3 Rb2 31. h3 Be1 32. g4 h4 33. Be2 Bc3 34.
Rd1 Rxb3 35. Bb5 g6 36. Rd7+ Kf8 37. f5 Rb2 38. fxe6 fxe6 39. Bc4 Rh2 40. Bxe6
Rxh3+ 41. Kf4 g5+ 42. Ke4 Rg3 43. Rf7+ Ke8 44. Rh7 Bd2 45. Kf5 Rxe3 46. Rh8+ Ke7
47. Rh7+ Kf8 48. Rh8+ Kg7 49. Rd8 Bc3 50. Rd7+ Kh6 0-1

[Event "TCh-CHN 2017"]
[Site "China CHN"]
[Date "2017.11.03"]
[Round "17.2"]
[Board "3"]
[White "Wang, Yue"]
[Black "Liu, Qingnan"]
[Result "1/2-1/2"]
[WhiteTitle "GM"]
[BlackTitle "GM"]
[WhiteElo "2690"]
[BlackElo "2522"]
[WhiteTeam "Tianjin"]
[BlackTeam "Shenzhen"]
[WhiteFideId "8601429"]
[BlackFideId "8603294"]
[EventDate "2017.04.18"]

1. d4 d5 2. c4 e6 3. Nc3 Nf6 4. Bg5 Be7 5. e3 O-O 6. Nf3 Nbd7 7. cxd5 Nxd5 8.
Bxe7 Qxe7 9. Bd3 Nxc3 10. bxc3 c5 11. O-O b6 12. Qb1 h6 13. a4 Bb7 14. Bh7+ Kh8
15. Be4 Rab8 16. Bxb7 Rxb7 17. Qd3 Rc7 18. a5 cxd4 19. cxd4 Rfc8 20. axb6 axb6
21. Qb5 Qd6 22. Rab1 Qc6 23. Ne5 Qxb5 24. Rxb5 Nxe5 25. Rxe5 Rc2 26. Rb5 R8c6
27. h4 Rd2 28. h5 Kh7 29. g4 g6 30. hxg6+ Kxg6 31. Kg2 Rc3 1/2-1/2

[Event "TCh-CHN 2017"]
[Site "China CHN"]
[Date "2017.11.03"]
[Round "17.2"]
[Board "5"]
[White "Kashlinskaya, Alina"]
[Black "Chu, Ruotong"]
[Result "1-0"]
[WhiteTitle "IM"]
[WhiteElo "2452"]
[BlackElo "2166"]
[WhiteTeam "Shenzhen"]
[BlackTeam "Tianjin"]
[WhiteFideId "4198026"]
[BlackFideId "8605653"]
[EventDate "2017.04.18"]

1. d4 Nf6 2. c4 g6 3. Nf3 Bg7 4. e3 O-O 5. Be2 b6 6. O-O Bb7 7. Nc3 d5 8. cxd5
Nxd5 9. Bd2 Nxc3 10. Bxc3 c5 11. dxc5 Bxc3 12. bxc3 bxc5 13. Rb1 Be4 14. Rb2 Qa5
15. Ng5 Bc6 16. Bf3 h6 17. Nh3 Rd8 18. Rd2 Rxd2 19. Qxd2 Bxf3 20. gxf3 Nc6 21.
Qd5 Rc8 22. Nf4 Kg7 23. Kg2 Qb6 24. Rg1 Rd8 25. Qe4 Qc7 26. Kh1 Qd6 27. c4 e5
28. Nd5 Ne7 29. Nc3 Qe6 30. Rb1 Rd2 31. Kg1 Nf5 32. Rb8 Qf6 33. Qa8 Nh4 34. Kf1
e4 35. Qxe4 Nxf3 36. Qf4 Nxh2+ 37. Qxh2 Qxc3 38. Qf4 g5 39. Qe4 Qf6 40. f4 gxf4
41. exf4 Qa1+ 42. Rb1 Rd1+ 43. Rxd1 Qxd1+ 44. Kg2 Qg4+ 45. Kf2 Qe6 46. Qd3 h5
47. Qc3+ Qf6 48. Qg3+ Kh6 49. Qe3 Qf5 50. Kg3 Kg6 51. a4 Qg4+ 52. Kh2 h4 53.
Qxc5 Qxf4+ 54. Kh1 Qf3+ 55. Kh2 Qg3+ 56. Kh1 h3 57. Qc6+ Kg7 58. a5 Kh7 59. Qe4+
Kh6 60. c5 Qc7 61. c6 f5 62. Qe6+ Kg5 63. Qg8+ Kf4 64. Qd5 Kg5 65. Qd7 Qf4 66.
Qg7+ Kh5 67. c7 Qc1+ 68. Kh2 Qf4+ 69. Kxh3 Qf1+ 70. Kh2 Qf2+ 71. Qg2 Qc5 72.
Qe2+ Kh4 73. Qe1+ Kh5 74. Qe8+ Kg4 75. Qg8+ Kf3 76. Qg2+ Kf4 77. Qg8 Qf2+ 78.
Qg2 Qc5 79. Kh3 Qc3+ 80. Kh2 Qc5 81. a6 Qc3 82. Kg1 Qc5+ 83. Qf2+ 1-0